| 000 | 00614nam a2200181 a 4500 | ||
|---|---|---|---|
| 005 | 20220526063924.0 | ||
| 008 | 991125s1962 mx 000 0 spa u | ||
| 035 | _aUPN01000005797 | ||
| 049 | _aLT | ||
| 050 | 4 |
_aLB1651 M6.2 _bB5.7 t.2 |
|
| 245 | 0 | 0 |
_aBiología : _bsegundo curso : t. 2 / _cEnrique Beltrán ... [et al.]. |
| 260 |
_aMéxico : _bECLALSA : _bPorrúa, _c1962. |
||
| 300 |
_axvi, 457 p. : _bil. (algunas col.) |
||
| 500 | _a"Conforme al nuevo programa vigente" | ||
| 650 | 4 |
_aBiología _xEstudio y enseñanza (Secundaria) _94532 |
|
| 700 | 1 |
_aBeltrán, Enrique, _d1903-1994 _ecoaut. _934682 |
|
| 905 | _aLibro | ||
| 999 |
_c5797 _d5797 |
||